عرض عادي
عرض مارك
- Motwani, Rajeev
مدخل إسم شخص
001 - رقم الضبط
- حقل الضبط: 88422
003 - معرف رقم الضبط
- حقل الضبط: OSt
005 - تاريخ ووقت أخر عملية
- حقل الضبط: 20210305174418.0
008 - عناصر بيانات ثابتة الطول
- حقل تحكم ثابت الطول: 210305|| aca||aabn | a|a d
040 ## - مصدر الفهرسة
- هيئة الفهرسة الأصلية: OSt
- وكالة الكتابة: OSt
100 ## - مدخل -- أسم شخص
- إسم شخص: Motwani, Rajeev
670 ## - بيانات المصدر موجوده
- الاستشهاد بالمصدر: Work cat.: (OSt)0: Hopcroft, John E., 1939- 88419, Introduction to automata theory, languages, and computation /, c2007
